| 000 | 00635nam a2200169 a 4500 | ||
|---|---|---|---|
| 001 | 000028858 | ||
| 005 | 20200930055200.0 | ||
| 008 | 110412s1980 dr 000 0 spa d | ||
| 040 |
_aDO-SdBNP _bspa _cBNPHU |
||
| 082 |
_axxx _bC762d |
||
| 100 | 1 |
_aContín Aybar, Nestor _910408 |
|
| 245 | 1 | 0 |
_aDiscurso leido por el Lic. Nestor Contín Aybar presidente de la Suprema Corte de Justicia en la solemne apertura de los tribunales celebrada el 7 de enero de 1980 / _cNestor Contín Aybar. |
| 260 |
_aSanto Domingo : _bEditora del Caribe, _c1980. |
||
| 300 |
_a22 p. ; _c22 cm. |
||
| 710 | 2 |
_aSuprema Corte de Justicia _935963 |
|
| 049 | _aBNPD | ||
| 999 |
_c28350 _d28350 |
||